000 00604nam a2200193Ia 4500
005 20250508162029.0
008 008 250505s9999 xx 000 0 eng d
037 _aDissertations
040 _aFEDL
_beng
_cFEDL
041 _aeng
_2eng
084 _a157.3, MUK/DI
_qFEDL
100 _aMukhija Fatah Singh
_9772102
245 0 _aStudy of test anxiety on the school students of Delhi with reference to certain variables
260 _c1980
300 _a62p.
546 _aM. Ed. Dissertations, 1978-80 (Delhi University)
942 _cDIS
_h157.3, MUK/DI
999 _c1373937
_d1373937